Statistieken voor Top 15 Covid-19 getroffen landen - 30 maart 2022

Klik hier om de quiz te nemen!

Algemene statistieken

  • Deze quiz is 10 keer genomen
  • De gemiddelde score is 12 van 29

Antwoordstatistieken

land% Correct
Verenigde Staten
100%
Frankrijk
90%
Spanje
90%
Nederland
80%
Nederland
80%
Brazilië
70%
Duitsland
70%
Italië
70%
Portugal
70%
Rusland
70%
België
60%
Verenigd Koninkrijk
60%
Argentinië
50%
India
50%
Denemarken
40%
Oostenrijk
30%
Zuid-Korea
30%
Zwitserland
20%
Iran
10%
Slovenië
10%
Tsjechië
10%
Turkije
10%
Vietnam
10%
Cyprus
0%
Estland
0%
Georgië
0%
Israël
0%
Letland
0%
Litouwen
0%

Scoreverdeling

Percentiel versus Aantal Correcte Antwoorden

Procent van Mensen met Elke Score

Uw Scoregeschiedenis

U heeft deze quiz nog niet genomen